000 00599nam a2200217Ii 4500
003 JO-AjNU
008 230606s9999||||xx |||||||||||||| ||und||
020 _a978-93-534-3307-9
040 _aJO-AjNU
_beng
_erda
_cJO-AjNU
041 _aeng
050 1 4 _aQA241.2019
100 3 _aSilverman,Joseph H,
_eauthor
_96248
245 0 2 _aA Friendly Introdution to Number Theory
250 _a4th ed
264 3 1 _aIndia: Pearson, 2019
300 _a409p
336 _atext
_btxt
_2rdacontent
337 _aunmediated
_bn
_2rdamedia
338 _avolume
_bnc
_2rdacarrier
650 4 _aNumber Theory
_96249
999 _aE3242
_c3238
_d3238